|
|
|
|
| LEADER |
01093nam a2200289 a 4500 |
| 001 |
872506 |
| 008 |
091220s1990 enk b 000 0 eng d |
| 010 |
|
|
|a 598146
|
| 020 |
|
|
|a 0855981466 (cased)
|
| 020 |
|
|
|a 0855981466
|
| 020 |
|
|
|a 0855981474 (pbk)
|
| 082 |
0 |
0 |
|a 338.9
|2 20
|
| 245 |
0 |
0 |
|a Evaluating social development projects /
|c edited by David Marsden and Peter Oakley.
|
| 260 |
|
|
|a Oxford :
|b Oxfam,
|c 1990.
|
| 300 |
|
|
|a vii, 162 p. ;
|c 22cm
|
| 490 |
|
0 |
|a Development guidelines ;
|v no.5
|
| 504 |
|
|
|a Includes bibliographical references (p. 157-159).
|
| 541 |
1 |
|
|e 00005733
|
| 650 |
|
0 |
|a Cost effectiveness
|
| 650 |
|
0 |
|a Action research
|z Developing countries.
|
| 650 |
|
0 |
|a Evaluation research (Social action programs)
|
| 651 |
|
0 |
|a Developing countries
|x Social conditions.
|
| 700 |
1 |
|
|a Marsden, David.
|
| 700 |
1 |
|
|a Oakley, Peter.
|
| 852 |
4 |
|
|a Ayesha Abed Library
|j General shelf
|
| 999 |
|
|
|c 6285
|d 6285
|
| 952 |
|
|
|0 0
|1 0
|2 ddc
|4 0
|6 338_900000000000000_EVA_1990
|7 0
|9 6322
|a BRACUL
|b BRACUL
|c GEN
|d 2009-12-21
|g 2800.00
|l 2
|m 8
|o 338.9 EVA
|p 3010005733
|r 2013-01-19
|s 2012-12-10
|t 1
|w 2009-12-21
|y BK
|